00918nam a2200217Ia 4500003000900000008004100009040001600050080002200066111011500088245021800203260006800421300001300489490001700502500002600519650001400545650004100559650001000600650001900610700002100629710005000650IN-BaIIA211028s9999 xx 000 0 eng d cIIA Library a52-14(082.2)bCOD aSymposium on the Scientific Results from the Orbiting Astronomical ObservatorycMassachusettsd1971 Aug. 23-24 4aThe scientific results from the orbiting astronomical observatorybproceedings of a Symposium held in Amherst Massachusetts August 23-24, 1971cedited by A. D. Code  aWashingtonbNational Aeronautics and Space Administrationc1972 ax, 590p. aNASA SP; 310 aDonated by Mrs. Bappu aAstronomy aAstronomy and Astrophysics Thesaurus aOAO-2 aSpace Vehicles aCode, A. D., ed. aNational Aeronautics and Space Administration